| 000 | 00449nam a2200193Ia 4500 | ||
|---|---|---|---|
| 005 | 20250423100548.0 | ||
| 008 | 250422s9999 xx 000 0 und d | ||
| 020 | _a0-13-093984-6 | ||
| 050 | _aJK271.D94 | ||
| 100 | _aThomas R. Dye | ||
| 245 | 0 | _aPolitics in America | |
| 250 | _aFourth Edition | ||
| 260 | _aNew Jersey | ||
| 260 | _bPrentice Hall | ||
| 260 | _c1994 | ||
| 300 | _a708 p | ||
| 650 | _aPolitics And Government | ||
| 942 | _cBK | ||
| 999 |
_c33684 _d33684 |
||